[Event "45th Rilton Cup 2015-16"]
[Site "Stockholm SWE"]
[Date "2015.12.29"]
[Round "3.24"]
[White "Nilsen, Joachim Birger"]
[Black "Grove, Peter"]
[Result "1-0"]
[WhiteTitle "FM"]
[WhiteElo "2382"]
[BlackElo "2133"]
[WhiteFideId "1506331"]
[BlackFideId "1411101"]
[EventDate "2015.12.27"]

1. c4 c5 2. g3 Nc6 3. Bg2 g6 4. Nc3 Bg7 5. Nf3 e6 6. d3 Nge7 7. Bg5 h6 8. Bd2
O-O 9. a3 b6 10. Rb1 Bb7 11. b4 Rb8 12. Qc1 Kh7 13. O-O d6 14. b5 Ne5 15. Nxe5
dxe5 16. a4 Bxg2 17. Kxg2 Nf5 18. Qd1 Nd6 19. a5 Qd7 20. Qc2 Rbd8 21. Bc1 Qb7+
22. Kg1 f5 23. Bb2 Qe7 24. Ra1 e4 25. axb6 exd3 26. exd3 axb6 27. Rfe1 Qd7 28.
Ne2 Rfe8 29. Nf4 g5 30. Ne2 Nc8 31. Bxg7 Qxg7 32. Rad1 e5 33. Nc3 Qg6 34. Nd5
Re6 35. Re2 Qf7 36. Rde1 Rde8 37. Qb2 Qg7 38. f3 Ne7 39. Nc7 Ng6 40. Nxe8 Rxe8
41. Ra1 Qb7 42. Rf2 Qd7 43. Qc3 f4 44. Rfa2 Re7 45. Qd2 Rg7 46. Qe2 fxg3 47.
hxg3 Qh3 48. Qg2 Qf5 49. Qf1 Ne7 50. Qe2 g4 51. Rf1 gxf3 52. Rxf3 Qg5 53. Qe3
Nf5 54. Qe4 1-0

[Event "45th Rilton Cup 2015-16"]
[Site "Stockholm SWE"]
[Date "2015.12.29"]
[Round "3.25"]
[White "Lundin, Jan"]
[Black "Bellon Lopez, Juan Manuel"]
[Result "0-1"]
[WhiteTitle "FM"]
[BlackTitle "GM"]
[WhiteElo "2230"]
[BlackElo "2376"]
[WhiteFideId "1706896"]
[BlackFideId "2200031"]
[EventDate "2015.12.27"]

1. e4 c5 2. Nc3 g6 3. Nf3 Bg7 4. g3 Nc6 5. Bg2 d6 6. O-O e5 7. Nd5 Nge7 8. c3
O-O 9. d3 Nxd5 10. exd5 Ne7 11. d4 cxd4 12. cxd4 e4 13. Ng5 f5 14. Ne6 Bxe6 15.
dxe6 d5 16. Bg5 h6 17. Be3 Rf6 18. Rc1 Rxe6 19. g4 Rc6 20. Rxc6 bxc6 21. Qc1 Kh7
22. gxf5 Nxf5 23. Qxc6 Rc8 24. Qa4 a5 25. Qd1 Rc4 26. Kh1 Qh4 27. h3 Nxd4 28. b3
Rc3 29. Bxd4 Rd3 30. Qe1 Bxd4 31. Qxa5 Rxh3+ 32. Bxh3 Qxh3+ 33. Kg1 Be5 34. Qa7+
Kg8 35. Qa8+ Kg7 36. Qb7+ Kf6 37. Qc6+ Kg5 38. f4+ exf3 39. Rf2 Qg4+ 40. Kf1 Qf5
41. Qc2 Qxc2 42. Rxc2 Kf4 43. a4 g5 44. a5 g4 45. a6 Bd4 46. Rh2 Ba7 47. Rxh6 g3
48. Rf6+ Ke4 49. Re6+ Kf5 0-1

[Event "45th Rilton Cup 2015-16"]
[Site "Stockholm SWE"]
[Date "2015.12.29"]
[Round "3.26"]
[White "Nyysti, Sampsa"]
[Black "Dahl, Trygve"]
[Result "1-0"]
[WhiteTitle "IM"]
[WhiteElo "2370"]
[BlackElo "2139"]
[WhiteFideId "502138"]
[BlackFideId "1513427"]
[EventDate "2015.12.27"]

1. e4 c5 2. Nf3 e6 3. d4 cxd4 4. Nxd4 a6 5. Bd3 Bc5 6. Nb3 Be7 7. Be3 d6 8. f4
Nf6 9. Qf3 Nbd7 10. Nc3 Qc7 11. g4 g5 12. e5 dxe5 13. fxg5 e4 14. Nxe4 Nd5 15.
O-O-O Ne5 16. Qe2 Nxd3+ 17. Rxd3 Bd7 18. Rxd5 exd5 19. Nf6+ Bxf6 20. Bf4+ Be5
21. Bxe5 Qc4 22. Qf2 Rg8 23. Re1 Be6 24. Bf6 Rc8 25. Nd4 Kd7 26. Kb1 Qc5 27. Qh4
Rg6 28. Rxe6 Rxf6 29. Rxf6 Qxd4 30. Rxf7+ Ke8 31. Rf1 Qg7 32. Qf2 Rc6 33. h4 Re6
34. a3 Re4 35. Qf5 Rc4 36. Qe6+ 1-0

[Event "45th Rilton Cup 2015-16"]
[Site "Stockholm SWE"]
[Date "2015.12.29"]
[Round "3.27"]
[White "Hammar, Bengt"]
[Black "Engqvist, Thomas"]
[Result "0-1"]
[WhiteTitle "FM"]
[BlackTitle "IM"]
[WhiteElo "2210"]
[BlackElo "2358"]
[WhiteFideId "1700391"]
[BlackFideId "1700332"]
[EventDate "2015.12.27"]

1. d4 Nf6 2. Nf3 e6 3. Bf4 Be7 4. h3 b6 5. e3 Bb7 6. Nbd2 c5 7. c3 Nc6 8. Bd3 d5
9. Ne5 Nd7 10. Nxd7 Qxd7 11. O-O O-O 12. Qh5 g6 13. Qe2 Kg7 14. Rad1 f6 15. dxc5
e5 16. Bg3 bxc5 17. e4 d4 18. Nb3 Bd6 19. cxd4 cxd4 20. Bb5 a6 21. Ba4 Qc7 22.
Rc1 Qb6 23. Qc4 Nd8 24. Qd3 Ne6 25. Bd7 Ng5 26. Rfe1 Bb4 27. Re2 a5 28. a4 Ba6
29. Bb5 Bxb5 30. axb5 Rab8 31. f4 Nf7 32. fxe5 fxe5 33. Rf2 Qxb5 34. Qxb5 Rxb5
35. Rc7 Bd6 36. Nxd4 Bxc7 37. Nxb5 Bb6 0-1

[Event "45th Rilton Cup 2015-16"]
[Site "Stockholm SWE"]
[Date "2015.12.29"]
[Round "3.28"]
[White "Thorn, Eric"]
[Black "Vuilleumier, Alexandre"]
[Result "1-0"]
[BlackTitle "IM"]
[WhiteElo "2140"]
[BlackElo "2342"]
[WhiteFideId "1710729"]
[BlackFideId "1305662"]
[EventDate "2015.12.27"]

1. d4 Nf6 2. c4 e6 3. Nf3 d5 4. Nc3 Bb4 5. Bg5 Nbd7 6. cxd5 exd5 7. e3 c5 8. Bd3
c4 9. Bf5 Qa5 10. Qc2 O-O 11. O-O Re8 12. Nd2 g6 13. Bh3 Bxc3 14. Qxc3 Qxc3 15.
bxc3 Kg7 16. Rfb1 Nb6 17. Bxc8 Raxc8 18. a4 Rc7 19. Rb5 Rd7 20. f3 Nh5 21. g4 h6
22. Bh4 g5 23. gxh5 gxh4 24. e4 Kf6 25. Kf2 Red8 26. Nf1 Re8 27. e5+ Ke6 28. Ne3
Rg8 29. f4 f5 30. a5 Nc8 31. Rab1 Rgg7 32. Kf3 h3 33. Kf2 a6 34. Rb6+ Nxb6 35.
Rxb6+ Ke7 36. Nxf5+ Kd8 37. Nxg7 Rxg7 38. Rg6 1-0

[Event "45th Rilton Cup 2015-16"]
[Site "Stockholm SWE"]
[Date "2015.12.29"]
[Round "3.29"]
[White "Pantzar, Milton"]
[Black "Radionov, Timur"]
[Result "0-1"]
[BlackTitle "FM"]
[WhiteElo "2103"]
[BlackElo "2321"]
[WhiteFideId "1721003"]
[BlackFideId "34178772"]
[EventDate "2015.12.27"]

1. d4 Nf6 2. c4 c5 3. d5 b5 4. cxb5 a6 5. f3 axb5 6. e4 d6 7. Bxb5+ Bd7 8. Bc4
g6 9. Ne2 Bg7 10. O-O O-O 11. Nec3 Na6 12. a4 Qb6 13. Na3 Rfb8 14. Ncb5 Ne8 15.
Rb1 Nec7 16. Be3 Nb4 17. b3 Nxb5 18. Nxb5 Na2 19. Qd2 Bxb5 20. Qxa2 Qa6 21. Bd2
Bd4+ 22. Kh1 Bxc4 23. bxc4 Rxb1 24. Rxb1 Qxa4 25. Qxa4 Rxa4 26. Bh6 Ra8 27. g3
Bg7 28. Bf4 h6 29. h4 Ra4 30. Rb7 Bf8 31. Rb8 Kg7 32. Bxh6+ Kxh6 33. Rxf8 Kg7
34. Re8 Kf6 35. g4 e6 36. g5+ Ke5 37. Re7 Rxc4 38. Rxf7 exd5 39. exd5 Rxh4+ 40.
Kg2 Kxd5 41. Rf6 c4 42. Rxg6 c3 43. Rh6 c2 44. Rxh4 c1=Q 45. Rg4 Qc2+ 46. Kg3
Qg6 47. Kf4 Kd4 48. Rh4 d5 49. Rh6 Qg7 50. Kf5 Ke3 51. f4 d4 52. Re6+ Kf3 53.
Rd6 Qf8+ 54. Rf6 Qc8+ 55. Ke5 Qc5+ 56. Ke6 d3 57. Kd7 d2 58. Rd6 Qxd6+ 0-1

[Event "45th Rilton Cup 2015-16"]
[Site "Stockholm SWE"]
[Date "2015.12.29"]
[Round "3.30"]
[White "Risting, Eivind Olav"]
[Black "Schekachikhin, Maksim"]
[Result "0-1"]
[WhiteTitle "FM"]
[BlackTitle "FM"]
[WhiteElo "1985"]
[BlackElo "2321"]
[WhiteFideId "1517333"]
[BlackFideId "24177830"]
[EventDate "2015.12.27"]

1. Nf3 Nf6 2. g3 d5 3. Bg2 c5 4. O-O e6 5. c4 d4 6. b4 cxb4 7. a3 b3 8. Qxb3 Nc6
9. d3 Be7 10. e3 e5 11. exd4 exd4 12. Bg5 O-O 13. Bxf6 Bxf6 14. Nbd2 Rb8 15.
Rfe1 Bf5 16. Ne4 Be7 17. Nfd2 Re8 18. f4 Qd7 19. Nf2 Be6 20. Qb2 a6 21. Rac1 h5
22. Bf3 h4 23. g4 Qc7 24. f5 Bd7 25. Nde4 Rbd8 26. c5 Ne5 27. Bg2 h3 28. Bh1 Bc6
29. Qd2 Bh4 30. Re2 Bxf2+ 31. Nxf2 Bxh1 32. Kxh1 Nf3 33. Rxe8+ Rxe8 0-1

[Event "45th Rilton Cup 2015-16"]
[Site "Stockholm SWE"]
[Date "2015.12.29"]
[Round "3.31"]
[White "Cukrowski, Filip"]
[Black "Kharmunova, Nadezhda"]
[Result "1-0"]
[BlackTitle "WIM"]
[WhiteElo "2320"]
[BlackElo "2132"]
[WhiteFideId "1171097"]
[BlackFideId "4195876"]
[EventDate "2015.12.27"]

1. e4 c6 2. d4 d5 3. Nc3 dxe4 4. Nxe4 Nf6 5. Nxf6+ gxf6 6. Nf3 Bg4 7. Be2 Nd7 8.
O-O Qc7 9. c4 e6 10. Kh1 Bg7 11. h3 Bf5 12. d5 Rd8 13. Nd4 Bg6 14. dxc6 bxc6 15.
Qa4 Be4 16. Qa3 f5 17. Nxe6 Qe5 18. Nxg7+ Qxg7 19. f3 Rg8 20. Rg1 Bc2 21. Bf4
Qd4 22. Be3 Qe5 23. Rac1 f4 24. Rxc2 Qxe3 25. Qxe3+ fxe3 26. Rc3 Nc5 27. Rxe3+
Kf8 28. Rd1 Rb8 29. b3 Rg6 30. f4 a5 31. Re5 Re6 32. Rxc5 Rxe2 33. Rxa5 Rf2 34.
Rd6 Re8 35. Re5 Rb8 36. Rxc6 Rxa2 37. Re3 Rd8 38. b4 Rdd2 39. Rg3 Rf2 40. b5
Rxf4 41. b6 Rb2 42. c5 Rf1+ 43. Kh2 h5 44. Rh6 Rbb1 45. Rh8+ Ke7 46. Re3+ Kd7
47. Rxh5 Kc6 48. Rf3 Rh1+ 49. Kg3 Rhc1 50. Rf6+ Kb7 51. Rxf7+ Ka6 52. Rf2 Rb3+
53. Kh2 Rbb1 54. Rhf5 Rh1+ 55. Kg3 Rb3+ 56. R5f3 Rb4 57. Rc2 Re1 58. c6 1-0

[Event "45th Rilton Cup 2015-16"]
[Site "Stockholm SWE"]
[Date "2015.12.29"]
[Round "3.32"]
[White "Darnell, Anton"]
[Black "Mikalsen, Erlend"]
[Result "0-1"]
[BlackTitle "FM"]
[WhiteElo "1979"]
[BlackElo "2313"]
[WhiteFideId "1720244"]
[BlackFideId "1507338"]
[EventDate "2015.12.27"]

1. d4 Nf6 2. c4 e6 3. Nf3 b6 4. g3 Ba6 5. b3 Nc6 6. Nbd2 Bb7 7. e4 d5 8. cxd5
exd5 9. e5 Ne4 10. a3 Be7 11. Qc2 O-O 12. Bd3 f5 13. O-O Qd7 14. b4 Nd8 15. Bb2
Ne6 16. b5 c5 17. bxc6 Bxc6 18. a4 a6 19. Rfc1 Rfc8 20. Qb3 b5 21. axb5 axb5 22.
Rxa8 Rxa8 23. Qc2 Bb7 24. Qb3 b4 25. Ra1 Rxa1+ 26. Bxa1 Bc6 27. Qb1 g5 28. Nb3
g4 29. Nfd2 N6g5 30. Bxe4 dxe4 31. Qe1 Qd5 32. Qe3 Nh3+ 33. Kf1 Bg5 34. Qe2 Bb5 0-1

[Event "45th Rilton Cup 2015-16"]
[Site "Stockholm SWE"]
[Date "2015.12.29"]
[Round "3.33"]
[White "Goluch, Piotr"]
[Black "Jogstad, Martin"]
[Result "1/2-1/2"]
[WhiteElo "2297"]
[BlackElo "2125"]
[WhiteFideId "1137840"]
[BlackFideId "1715364"]
[EventDate "2015.12.27"]

1. Nf3 d5 2. g3 Nf6 3. Bg2 Bf5 4. O-O e6 5. d3 Be7 6. Nbd2 O-O 7. Qe1 c5 8. e4
Bg6 9. Ne5 Nc6 10. Nxg6 hxg6 11. exd5 exd5 12. Nf3 Re8 13. Qd1 Qc7 14. b3 Rad8
15. c3 b5 16. d4 Ne4 17. Bb2 Bf6 18. Rc1 Qa5 19. a3 c4 20. b4 Qc7 21. Rc2 Rd7
22. Nd2 Ng5 23. h4 Nh7 24. Re1 Rxe1+ 25. Qxe1 Bd8 26. Nf1 Re7 27. Qd1 Nf6 28.
Ne3 Rxe3 29. fxe3 Qxg3 30. Kf1 Qxh4 31. Bc1 Ne4 32. Qf3 Bc7 33. Qh3 Qxh3 34.
Bxh3 f5 35. Bg2 Ne7 36. Bd2 Nc8 37. a4 bxa4 38. Ra2 Nb6 39. Be1 Kf7 40. Bf3 g5
41. Bd1 Bg3 42. Bxg3 Nxg3+ 43. Kg2 Ne4 44. Ra3 Ke6 45. Bxa4 Nxa4 46. Rxa4 Nxc3
47. Rxa7 Kd6 48. Rxg7 g4 49. Rg6+ Kc7 50. Kf1 Ne4 51. Ke2 Ng3+ 52. Kd2 Ne4+ 53.
Kc2 Ng3 54. Kd2 Nf1+ 55. Ke2 Ng3+ 56. Kd2 Kb7 57. b5 Ne4+ 58. Kc2 Kc7 59. Kc1
Ng3 60. Kd2 Nf1+ 61. Ke2 Ng3+ 62. Kd2 Ne4+ 63. Kc1 Nc3 64. b6+ Kb7 65. Kc2 Ne4
66. Kc1 Ng3 67. Kd2 Nf1+ 68. Ke2 Ng3+ 69. Kd2 Nf1+ 70. Ke2 c3 71. Kd3 c2 72.
Kxc2 Nxe3+ 73. Kd3 f4 74. Rf6 Ng2 75. Ke2 f3+ 76. Kf2 g3+ 77. Kxf3 Ne1+ 78. Ke2
g2 79. Rg6 Nc2 80. Kd3 Ne1+ 81. Kc3 Ka6 82. Kb4 Nd3+ 83. Kb3 Nf4 84. Rg4 Kxb6
85. Kc2 Ne2 1/2-1/2

[Event "45th Rilton Cup 2015-16"]
[Site "Stockholm SWE"]
[Date "2015.12.29"]
[Round "3.34"]
[White "Adler, Bo"]
[Black "Tari, Aryan"]
[Result "0-1"]
[BlackTitle "IM"]
[WhiteElo "2174"]
[BlackElo "2556"]
[WhiteFideId "1702149"]
[BlackFideId "1510045"]
[EventDate "2015.12.27"]

1. b3 e5 2. Bb2 Nc6 3. e3 d5 4. Bb5 Bd6 5. Nf3 f6 6. c4 a6 7. Bxc6+ bxc6 8. Qc2
Be6 9. O-O Qd7 10. d3 Nh6 11. Nc3 O-O 12. cxd5 cxd5 13. e4 d4 14. Na4 Qb5 15.
Rac1 Bg4 16. Ne1 f5 17. f3 Bh5 18. Qd1 Rf7 19. Nc2 Raf8 20. Na3 Qd7 21. Qd2 Qe7
22. Nc4 Bb4 23. Qe2 fxe4 24. dxe4 Qg5 25. Kh1 Rf4 26. Rc2 Rh4 27. Bc1 Qg3 28. h3
d3 29. Qxd3 Ng4 30. fxg4 Qxd3 31. Rxf8+ Bxf8 32. Rc3 Qf1+ 33. Kh2 Bxg4 34. Nxe5
Bd6 0-1

[Event "45th Rilton Cup 2015-16"]
[Site "Stockholm SWE"]
[Date "2015.12.29"]
[Round "3.35"]
[White "Hakimifard, Ghazal"]
[Black "Kolbus, Dietmar"]
[Result "1/2-1/2"]
[WhiteTitle "WIM"]
[BlackTitle "IM"]
[WhiteElo "2169"]
[BlackElo "2315"]
[WhiteFideId "12506540"]
[BlackFideId "4610628"]
[EventDate "2015.12.27"]

1. e4 c6 2. d4 d5 3. Nd2 g6 4. h3 Bg7 5. Ngf3 dxe4 6. Nxe4 Nf6 7. Ng3 O-O 8. Bd3
c5 9. dxc5 Qa5+ 10. c3 Qxc5 11. O-O Qc7 12. Re1 Nc6 13. Qa4 Rd8 14. Bf1 Nd5 15.
Qh4 f6 16. c4 Ndb4 17. c5 Nd5 18. Bd2 e5 19. Rac1 Be6 20. b4 a6 21. a4 Nde7 22.
Bc4 Bxc4 23. Qxc4+ Kh8 24. Ne4 Nf5 25. Bc3 Rd7 26. Qa2 Qd8 27. Nfd2 Qg8 28.
Qxg8+ Kxg8 29. Nc4 Rad8 30. b5 axb5 31. axb5 Ncd4 32. Ba5 Rf8 33. Nb6 Rdf7 34.
Rb1 Rb8 35. Kf1 Bf8 36. Rec1 Kg7 37. g4 Nh4 38. Nd6 Rc7 39. Nd5 Rd7 40. Bc7 Bxd6
41. cxd6 Rf8 42. Nb6 Rdf7 43. d7 Ne6 44. Rd1 Nxc7 45. d8=Q Rxd8 46. Rxd8 Nf3 47.
Nc4 Ne6 48. Rd6 Nf4 49. b6 Nxh3 50. Kg2 Nhg5 51. Na5 Nd4 52. Rc1 Nge6 53. Rc8
Re7 54. Kf1 Kh6 55. Rd5 Nf4 56. Rdc5 Nde6 57. R8c7 Re8 58. Nxb7 Nxc5 59. Nxc5
Ne6 60. Nxe6 Rxe6 61. b7 Rb6 62. Ke2 Kg5 63. f3 Kf4 64. Rc4+ Kg3 65. Rc7 Kf4 66.
Rc4+ Kg3 1/2-1/2

[Event "45th Rilton Cup 2015-16"]
[Site "Stockholm SWE"]
[Date "2015.12.29"]
[Round "3.36"]
[White "Martinsen, Stig K"]
[Black "Rodshtein, Tereza"]
[Result "1-0"]
[BlackTitle "WGM"]
[WhiteElo "2162"]
[BlackElo "2278"]
[WhiteFideId "1502824"]
[BlackFideId "325449"]
[EventDate "2015.12.27"]

1. d4 d5 2. c4 c6 3. Nf3 Nf6 4. Qc2 dxc4 5. Qxc4 Bf5 6. g3 e6 7. Bg2 Nbd7 8. O-O
Be7 9. e3 O-O 10. Qe2 Ne4 11. Nfd2 Ndf6 12. Nb3 a5 13. a4 Qb6 14. Qd1 Bg6 15. f3
Nd6 16. e4 e5 17. Be3 Nc4 18. Bf2 Qc7 19. Qe2 b5 20. Nc3 Rfb8 21. dxe5 Nxe5 22.
axb5 cxb5 23. Nxb5 Qb7 24. N3d4 Ra6 25. Rfc1 Rc8 26. h3 Nc6 27. e5 Nxd4 28. Nxd4 1-0

[Event "45th Rilton Cup 2015-16"]
[Site "Stockholm SWE"]
[Date "2015.12.29"]
[Round "3.37"]
[White "Norlin, Egor"]
[Black "Haug, Johannes"]
[Result "1/2-1/2"]
[BlackTitle "FM"]
[WhiteElo "2084"]
[BlackElo "2247"]
[WhiteFideId "1713973"]
[BlackFideId "1509268"]
[EventDate "2015.12.27"]

1. d4 f5 2. c4 Nf6 3. g3 g6 4. Nc3 Bg7 5. Bg2 O-O 6. Nf3 d6 7. O-O Qe8 8. d5 Na6
9. Nd4 Bd7 10. b3 c6 11. Bb2 Nc7 12. Qd2 c5 13. Nf3 h6 14. Rae1 b5 15. Qc2 Rb8
16. Nd2 Nh5 17. Nd1 e5 18. dxe6 Nxe6 19. e3 Bc6 20. Bxg7 Kxg7 21. cxb5 Bxg2 22.
Kxg2 Qxb5 23. f4 Nf6 24. Nf3 Qc6 25. Nc3 Rfe8 26. Qd3 Nc7 27. Re2 Re6 28. Kg1
Rbe8 29. Nd2 Ng4 30. Rfe1 R8e7 31. h3 Nf6 32. e4 fxe4 33. Ndxe4 d5 34. Nxf6 Kxf6
35. Rxe6+ Rxe6 36. Rxe6+ Qxe6 37. Kg2 h5 1/2-1/2

[Event "45th Rilton Cup 2015-16"]
[Site "Stockholm SWE"]
[Date "2015.12.29"]
[Round "3.38"]
[White "Brinck-Claussen, Bjorn"]
[Black "Bit-Narva, David"]
[Result "0-1"]
[WhiteTitle "IM"]
[WhiteElo "2244"]
[BlackElo "2096"]
[WhiteFideId "1400134"]
[BlackFideId "24128856"]
[EventDate "2015.12.27"]

1. d4 Nf6 2. c4 g6 3. Nc3 Bg7 4. e4 O-O 5. Nf3 d6 6. Be2 Nbd7 7. O-O e5 8. Be3
exd4 9. Nxd4 Nc5 10. f3 Ne6 11. Nc2 Nh5 12. Qd2 Qh4 13. Bf2 Qf4 14. Qe1 f5 15.
Be3 Qe5 16. exf5 Qxf5 17. Qd2 Nhf4 18. Rfe1 Be5 19. Bf1 Qh5 20. g3 Ng5 21. Bg2
Nxg2 22. Bxg5 Nxe1 23. Nxe1 Bxc3 24. bxc3 Be6 25. h4 Rxf3 26. Nxf3 Qxf3 27. Bf4
Bxc4 28. Qe3 Qxe3+ 29. Bxe3 Rf8 30. Bf4 Re8 31. a3 Re2 32. Rf1 Ra2 33. Rf2 Ra1+
34. Kh2 Rxa3 35. Rf3 Ra2+ 36. Kg1 Ra1+ 37. Kh2 Bd5 0-1

[Event "45th Rilton Cup 2015-16"]
[Site "Stockholm SWE"]
[Date "2015.12.29"]
[Round "3.39"]
[White "Wiander, Michael"]
[Black "Rothen, Hakan"]
[Result "1-0"]
[WhiteTitle "CM"]
[BlackTitle "FM"]
[WhiteElo "2187"]
[BlackElo "2297"]
[WhiteFideId "1702580"]
[BlackFideId "1700723"]
[EventDate "2015.12.27"]

1. g3 d5 2. Bg2 c5 3. d3 Nc6 4. Nd2 Nf6 5. e4 e6 6. Ngf3 b6 7. O-O Bb7 8. Re1
Be7 9. c3 O-O 10. e5 Nd7 11. Nf1 b5 12. h4 c4 13. d4 b4 14. N1h2 Re8 15. Ng5 h6
16. Nh3 Bf8 17. Qg4 bxc3 18. bxc3 Qa5 19. Bd2 Kh7 20. Nf3 g6 21. h5 Bg7 22. Qf4
Rf8 23. Qh4 Rae8 24. Nhg5+ Kg8 25. Bh3 Nd8 26. Kg2 Qa4 27. Bg4 gxh5 28. Bxh5 Re7
29. Nh7 Rfe8 30. Nf6+ Kf8 31. Bg4 Qc2 32. Bxh6 Qg6 33. Bg5 Nc6 34. Bh5 Qf5 35.
Bg4 Qg6 36. Rab1 Bc8 37. Nh7+ Kg8 38. Nf6+ Kf8 39. Rh1 Nb6 40. Nxe8 Rxe8 41. Bf6
Na4 42. Qh8+ Bxh8 43. Rxh8+ Qg8 44. Rxg8+ 1-0

[Event "45th Rilton Cup 2015-16"]
[Site "Stockholm SWE"]
[Date "2015.12.29"]
[Round "3.40"]
[White "Sarwer, Jeff"]
[Black "Ask, Josef"]
[Result "1-0"]
[WhiteTitle "FM"]
[WhiteElo "2263"]
[BlackElo "2180"]
[WhiteFideId "2604213"]
[BlackFideId "1704583"]
[EventDate "2015.12.27"]

1. d4 Nf6 2. c4 g6 3. Nc3 Bg7 4. e4 d6 5. Be2 O-O 6. Bg5 Na6 7. Qd2 e5 8. d5 Qe8
9. f3 Nh5 10. Bh6 Nf4 11. Bxg7 Kxg7 12. Bd1 f5 13. g3 Nh5 14. exf5 gxf5 15. Bc2
Bd7 16. O-O-O Kh8 17. Nh3 Nc5 18. Rhe1 a5 19. f4 e4 20. g4 fxg4 21. Nxe4 Nxe4
22. Rxe4 Qd8 23. Ng5 Bf5 24. Qd4+ Qf6 25. Re7 Qxd4 26. Rxd4 Bxc2 27. Kxc2 Rxf4
28. Rxh7+ Kg8 29. Rxf4 Nxf4 30. Rxc7 Re8 31. Nh7 Re2+ 32. Kb3 Nd3 33. Nf6+ Kf8
34. Nxg4 Nc5+ 35. Ka3 Ke8 36. h4 Kd8 37. Rg7 Rc2 38. b3 Ne4 39. Rxb7 Rg2 40. Ne3
Re2 41. Nf5 Nc3 42. b4 a4 43. b5 Rxa2+ 44. Kb4 Ne4 45. Ra7 Rb2+ 46. Ka3 Rf2 47.
Nd4 Nc5 48. Ne6+ Nxe6 49. dxe6 Rf4 50. e7+ Ke8 51. Rc7 Rxh4 52. b6 1-0

[Event "45th Rilton Cup 2015-16"]
[Site "Stockholm SWE"]
[Date "2015.12.29"]
[Round "3.41"]
[White "Kassani, Sam"]
[Black "Zeier, Klaus"]
[Result "1-0"]
[WhiteElo "2126"]
[BlackElo "2262"]
[WhiteFideId "1709089"]
[BlackFideId "4696050"]
[EventDate "2015.12.27"]

1. e4 e5 2. Nf3 Nc6 3. Bb5 a6 4. Ba4 Nf6 5. d3 b5 6. Bb3 Be7 7. O-O O-O 8. Re1
d6 9. a4 b4 10. a5 Bg4 11. c3 Rb8 12. Nbd2 bxc3 13. bxc3 d5 14. h3 Bh5 15. g4
dxe4 16. dxe4 Bg6 17. Qe2 Rb5 18. Ba4 Rc5 19. Nb3 Rxc3 20. Bb2 Nxe4 21. Bxc3
Nxc3 22. Qxa6 Nb4 23. Qc4 Nxa4 24. Rxa4 Bd3 25. Qc3 e4 26. Ne5 Nd5 27. Qc6 Nf4
28. Nxd3 Qxd3 29. Qxe4 Nxh3+ 30. Kg2 Qxb3 31. Re3 Qd1 32. Rxh3 g6 33. Rh1 Qd7
34. a6 c6 35. Rb1 Bc5 36. Rb7 Qc8 37. Qc4 Bd6 38. Rb6 Qd7 39. Qxc6 Qxc6+ 40.
Rxc6 Be5 41. Rac4 1-0

[Event "45th Rilton Cup 2015-16"]
[Site "Stockholm SWE"]
[Date "2015.12.29"]
[Round "3.42"]
[White "Percivaldi, Martin"]
[Black "Jonsson, Emil"]
[Result "1/2-1/2"]
[WhiteTitle "FM"]
[WhiteElo "2260"]
[BlackElo "2156"]
[WhiteFideId "1508148"]
[BlackFideId "1712268"]
[EventDate "2015.12.27"]

1. d4 d5 2. c4 dxc4 3. e3 e5 4. Bxc4 exd4 5. exd4 Nf6 6. Nf3 Bd6 7. O-O O-O 8.
h3 Nbd7 9. Nc3 Nb6 10. Bb3 c6 11. Bg5 h6 12. Bh4 Bf5 13. Ne5 Bxe5 14. dxe5 Qxd1
15. Raxd1 Ne4 16. g4 Nxc3 17. bxc3 Be4 18. Rd4 Bf3 19. Be7 Rfe8 20. Bd6 Bd5 21.
f4 Bxb3 22. axb3 a5 23. Ra1 Nd5 24. c4 Nb4 25. Bxb4 axb4 26. Rxa8 Rxa8 27. c5
Ra5 28. Rxb4 Rxc5 29. Rxb7 g5 30. b4 Rd5 31. fxg5 hxg5 32. Rc7 Rxe5 33. Rxc6 Re3
34. Kg2 Rb3 35. Rb6 Kg7 36. b5 Rb2+ 37. Kf3 Rb3+ 38. Ke4 Rxh3 39. Kf5 Rc3 40.
Kxg5 Rc5+ 41. Kh4 Rc4 42. Rc6 Rb4 43. Rc5 Kg6 44. Kg3 Kg7 45. Kf3 Kg6 46. Rd5 f6
47. Rc5 Kh6 48. Ke3 Rxg4 49. Kd3 Rg8 50. b6 Rb8 51. Rb5 f5 52. Kd4 Kg5 53. Ke5
f4 54. Kd6+ Kg4 55. Kc7 Rxb6 56. Kxb6 f3 57. Kc5 f2 58. Rb1 Kf3 59. Kd4 Kg2 60.
Ke3 1/2-1/2

[Event "45th Rilton Cup 2015-16"]
[Site "Stockholm SWE"]
[Date "2015.12.29"]
[Round "3.43"]
[White "Nilsson, Joakim 2000"]
[Black "Schitco, Ivan"]
[Result "0-1"]
[WhiteElo "2091"]
[BlackElo "2210"]
[WhiteFideId "1723383"]
[BlackFideId "13905465"]
[EventDate "2015.12.27"]

1. Nf3 d5 2. g3 c6 3. Bg2 Bg4 4. O-O Nd7 5. d4 e6 6. Nbd2 Ngf6 7. b3 Be7 8. Bb2
h6 9. c4 O-O 10. h3 Bf5 11. Ne5 Bh7 12. Re1 Qc7 13. Nxd7 Qxd7 14. e3 a5 15. a3
b5 16. Nf3 bxc4 17. bxc4 Qb7 18. Ra2 Nd7 19. Nd2 Nb6 20. e4 Nxc4 21. Nxc4 dxc4
22. Re3 Rad8 23. Qe2 c5 24. d5 exd5 25. exd5 Bg5 26. f4 Bd3 27. Qe1 Qb3 28. fxg5
Qxa2 29. Qc3 f6 30. gxf6 gxf6 31. Kh2 Rb8 32. Bc1 Bf1 33. Bd2 Rb3 34. Qc1 Rxe3
35. Qxf1 Qxd2 36. Qf5 Re2 37. Qf3 0-1

[Event "45th Rilton Cup 2015-16"]
[Site "Stockholm SWE"]
[Date "2015.12.29"]
[Round "3.44"]
[White "Berglind, Axel"]
[Black "Kosmo, Santul"]
[Result "0-1"]
[WhiteElo "2023"]
[BlackElo "2202"]
[WhiteFideId "1720228"]
[BlackFideId "504173"]
[EventDate "2015.12.27"]

1. c4 Nf6 2. g3 g6 3. Bg2 Bg7 4. Nf3 O-O 5. O-O d6 6. Nc3 e5 7. d3 h6 8. Rb1 Nc6
9. b4 Be6 10. e4 Qd7 11. Nd5 Ne8 12. Nh4 Nd4 13. Ne3 Bh3 14. f4 exf4 15. gxf4
Bxg2 16. Kxg2 Qd8 17. Qe1 Bf6 18. Nf3 Nxf3 19. Rxf3 Bg7 20. f5 Nf6 21. Qf2 Nd7
22. Ng4 h5 23. Nh6+ Bxh6 24. Bxh6 Ne5 25. Bxf8 Nxf3 26. Qxf3 Qxf8 27. Rf1 Qg7
28. fxg6 fxg6 29. Qf6 Qxf6 30. Rxf6 Kg7 31. Rf2 Re8 32. b5 Re6 33. Rb2 Kf6 34.
Rf2+ Kg7 35. Rb2 Rf6 36. Rb4 Rf8 37. Ra4 Ra8 38. h4 a5 39. bxa6 Rxa6 40. Rxa6
bxa6 41. d4 g5 42. hxg5 Kg6 43. e5 dxe5 44. d5 Kxg5 45. c5 Kf6 46. Kf3 h4 47.
Kg4 e4 48. Kxh4 Ke5 49. d6 cxd6 50. cxd6 Kxd6 51. Kg3 Kd5 52. Kf2 Kd4 53. Ke2 a5
54. a4 Kc4 55. Ke3 Kb4 56. Kxe4 Kxa4 57. Kd3 Kb3 0-1

[Event "45th Rilton Cup 2015-16"]
[Site "Stockholm SWE"]
[Date "2015.12.29"]
[Round "3.45"]
[White "Glimbrant, Torbjorn"]
[Black "Tuomainen, Felix"]
[Result "1/2-1/2"]
[WhiteElo "2192"]
[BlackElo "2022"]
[WhiteFideId "1700995"]
[BlackFideId "1720813"]
[EventDate "2015.12.27"]

1. d4 d5 2. c4 c6 3. Nf3 Nf6 4. e3 e6 5. Bd3 Nbd7 6. Nbd2 c5 7. b3 Be7 8. O-O
O-O 9. Bb2 b6 10. Qc2 Bb7 11. Rad1 Qc7 12. Qb1 Rad8 13. Rfe1 h6 14. e4 dxe4 15.
Nxe4 Nxe4 16. Bxe4 Bxe4 17. Rxe4 cxd4 18. Rexd4 Bf6 19. R4d2 Bxb2 20. Qxb2 Nf6
21. Qe5 Qe7 22. h3 Rxd2 23. Rxd2 Rd8 24. Rxd8+ Qxd8 25. Qd4 Qe7 26. Ne5 Qa3 27.
Qd8+ Kh7 28. Qd3+ Kg8 29. Qd8+ Kh7 30. Qd3+ Kg8 31. Qd8+ 1/2-1/2